00241nam a22001097a 4500020001500000040000900015082001500024100002100039245001500060260004100075650001500116 a9694962439 cNUST a070.52 JAV aJaved, Chaudhari aZero Point aIslamabad:bDost Publication,c2004. aZero Point